Distribúcia poistenia po novom

Distribúcia poistných a zaistných produktov dostáva na európskej úrovni nový právny rámec. Directive on Insurance Distribution (IDD) stanovuje pravidlá pre začatie a výkon distribúcie poistenia. Transparentnosť a odborné požiadavky. IDD musí byť transponovaná do právnych poriadkov členských štátov d...

Descripción completa

Guardado en:
Detalles Bibliográficos
Autor principal: Lehotská, Mária
Formato: Capítulo de libro
Lenguaje:eslovaco
Materias:
Etiquetas: Agregar Etiqueta
Sin Etiquetas, Sea el primero en etiquetar este registro!

MARC

LEADER 00000naa$a2200000$$$4500
001 0216263
005 20231204141202.6
041 0 |a slo 
044 |a SK 
245 1 0 |a Distribúcia poistenia po novom  |c Mária Lehotská 
520 |a Distribúcia poistných a zaistných produktov dostáva na európskej úrovni nový právny rámec. Directive on Insurance Distribution (IDD) stanovuje pravidlá pre začatie a výkon distribúcie poistenia. Transparentnosť a odborné požiadavky. IDD musí byť transponovaná do právnych poriadkov členských štátov do roku 2018. 
610 2 0 |a poisťovníctvo 
610 2 0 |a poisťovne 
610 2 0 |a zaisťovne 
610 2 0 |a poistenie 
610 2 0 |a produkty 
610 2 0 |a zmluvy poistné 
610 2 0 |a právo poistné 
610 2 0 |a transparentnosť 
610 2 0 |a spolupráca medzinárodná 
100 1 |a Lehotská, Mária